The new migration in Europe : social constructions and social realities

Αποθηκεύτηκε σε:
Λεπτομέρειες βιβλιογραφικής εγγραφής
Κύριος συγγραφέας: Koser, Khalid
Άλλοι συγγραφείς: Lutz, Helma
Μορφή: Βιβλίο
Γλώσσα:English
Δημοσίευση: Houdmills : MacMillan Press Ltd, c1998
Θέματα:
Ετικέτες: Προσθήκη ετικέτας
Δεν υπάρχουν, Καταχωρήστε ετικέτα πρώτοι!

MARC

LEADER 00000nam a2200000 i 4500
001 1/95254
008 991206s1998 eng d
020 |a 0-333-72321-X (pbk.) 
035 |l 10055227 
040 |a GR-MY-UA  |b gre  |e aacr 
041 0 |a eng 
082 0 |a 304.809409045 
100 0 |a Koser, Khalid. 
245 1 4 |a The new migration in Europe :  |b social constructions and social realities /  |c edited by: Khalid Koser and Helma Lutz 
260 |a Houdmills :   |b MacMillan Press Ltd,   |c c1998 
300 |a xvi, 264 p. 
504 |a Includes bibliographical references and index 
650 0 0 |a Emigration and immigration  |x Social aspects. 
700 0 |a Lutz, Helma. 
852 |a INST  |b CHIOS  |e 19991206  |h 304.809409045 NEW  |p 005200019356  |q 005200019356  |t BK  |y 0 
901 |a BIBL2-1999-3 
909 |a Χ  |b 070699 
922 |a 2ΕΛΗ  |b 199911  |c ΤΔΕ  |d ΠΑΠΑΣΩΤΗΡΙΟΥ 
950 |a 125-1999-07-15 
970 |a ΣΑΛΑΜΟΥΡΑ  |b ΜΑΡΙΑ  |z 1999/12/07